000 01185nam a22002777a 4500
999 _c2397
_d2397
003 AR-CdUCM
008 190304b ||||| |||| 00| 0 spa d
040 _aMUNICIPALIDAD PROVINCIAL DEL CUSCO
_cBIBLIOTECA MUNICIPAL DEL CUSCO
082 _a985.61 /
_bM26
100 _aFernández, Juan Marchena
_98610
245 _aCaminando con Don Phelipe Guaman Poma de Ayala /
_cLuis Miguel, Glave Testino; José Carlos de la Puente Luna.
260 _aCusco :
_bMunicipalidad Provincial del Cusco ,
_c2009.
300 _a250 páginas ;
_c24 cm.
505 _aContenido : La Memoria de los Cerros -- Cuando el Rey esta lejos y el reino cerca -- Administrador de Bienes de la Comunidad -- El Perú del seisientos y la Nueva Cronica -- Felipe Guaman Poma de Ayala...
650 _aGuaman Poma de Ayala
_97450
650 _aNueva Cronica y buen Gobierno
_98611
650 _aIndigenismo
_9208
650 _aCultura Inca
_98612
650 _aInca
_9421
650 _aCrónica
_9637
700 _aGlave Testino, Luis Miguel
_91295
700 _aPuente Luna, José Carlos de la (Autores)
_98613
710 _aMunicipalidad Provincial del Cusco.
_95084
942 _2ddc
_cLIBROS
945 _alccs